[Event "ESP-ch 88th"]
[Site "Marbella"]
[Date "2023.10.19"]
[Round "7"]
[White "Laliena Solanes, Luis M"]
[Black "Garcia Almeida, Aitana Maria"]
[Result "1-0"]
[WhiteElo "2192"]
[BlackElo "1752"]
[PlyCount "59"]
[EventDate "2023.10.13"]
[EventType "swiss"]
[EventRounds "9"]
[EventCountry "ESP"]
[SourceTitle "Mega2024 Update 01"]
[Source "Chessbase"]
[SourceDate "2023.11.12"]
[SourceVersion "1"]
[SourceVersionDate "2023.11.12"]
[SourceQuality "1"]

1. e4 c5 2. Nc3 Nc6 3. Bb5 Nf6 4. Nf3 a6 5. Bxc6 dxc6 6. e5 Nd5 7. Ne4 Nf4 8. 0-0 Bg4 9. d4 Qd5 10. Nc3 Qxd4 11. Nxd4 Bxd1 12. Bxf4 Bg4 13. Nb3 e6 14. Ne4 c4 15. Na5 0-0-0 16. Nxc4 Be2 17. Ncd6+ Bxd6 18. Nxd6+ Rxd6 19. exd6 Bxf1 20. Kxf1 Kd7 21. Rd1 f6 22. Be3 b6 23. Bxb6 Rb8 24. Bd4 e5 25. Bc3 a5 26. a4 g6 27. b3 Ra8 28. f4 Rf8 29. Bxa5 exf4 30. Bb4 1-0

[Event "ESP-ch 88th"]
[Site "Marbella"]
[Date "2023.10.13"]
[Round "1"]
[White "Laliena Solanes, Luis M"]
[Black "Chigaev, Maksim"]
[Result "0-1"]
[WhiteElo "2192"]
[BlackElo "2626"]
[PlyCount "54"]
[EventDate "2023.10.13"]
[EventType "swiss"]
[EventRounds "9"]
[EventCountry "ESP"]
[SourceTitle "Mega2024 Update 01"]
[Source "Chessbase"]
[SourceDate "2023.11.12"]
[SourceVersion "1"]
[SourceVersionDate "2023.11.12"]
[SourceQuality "1"]

1. d4 Nf6 2. Nf3 g6 3. Nc3 Bg7 4. Bf4 c5 5. d5 d6 6. e4 0-0 7. h3 b5 8. Bxb5 Nxe4 9. Nxe4 Qa5+ 10. c3 Qxb5 11. Qe2 Qxe2+ 12. Kxe2 Nd7 13. Rad1 Nb6 14. b3 c4 15. Be3 Bf5 16. Nfg5 h6 17. g4 Bc8 18. Nf3 f5 19. Ng3 fxg4 20. Nh4 gxh3 21. Nxg6 Bg4+ 22. Kd2 Bxd1 23. Rxd1 Rf7 24. Kc2 Kh7 25. Nf4 h2 26. Ne6 Be5 27. f4 Rg8 0-1

[Event "Aragon-chT Honor Gr I"]
[Site "Aragon"]
[Date "2023.03.04"]
[Round "6.2"]
[White "Glavina, Pablo"]
[Black "Laliena Solanes, Luis M"]
[Result "1-0"]
[WhiteElo "2408"]
[BlackElo "2196"]
[PlyCount "47"]
[EventDate "2023.01.28"]
[EventType "team-tourn"]
[EventRounds "7"]
[EventCountry "ESP"]
[SourceTitle "EXT 2024"]
[Source "ChessBase"]
[SourceDate "2023.10.10"]
[SourceVersion "1"]
[SourceVersionDate "2023.10.10"]
[SourceQuality "1"]
[WhiteTeam "Casablanca MyInvestor"]
[BlackTeam "Aragon ONCE"]
[WhiteTeamCountry "ESP"]
[BlackTeamCountry "ESP"]

1. e4 c6 2. Nf3 d5 3. d3 Qc7 4. Nc3 dxe4 5. dxe4 Bg4 6. Bc4 Nf6 7. h3 Bxf3 8. Qxf3 Nbd7 9. Bf4 e5 10. Bg5 Bc5 11. 0-0 h6 12. Bh4 g5 13. Bg3 b5 14. Bb3 Bd6 15. Nd1 Bc5 16. a4 Qd6 17. axb5 cxb5 18. Ne3 Bxe3 19. fxe3 0-0 20. Rad1 Qe7 21. Qf5 Kg7 22. h4 g4 23. h5 Rg8 24. Bh4 1-0

[Event "Aragon-chT Honor Gr I"]
[Site "Aragon"]
[Date "2023.02.11"]
[Round "3.17"]
[White "Laliena Solanes, Luis M"]
[Black "Pellicer Cerezuela, Miguel"]
[Result "0-1"]
[WhiteElo "2196"]
[BlackElo "2043"]
[PlyCount "150"]
[EventDate "2023.01.28"]
[EventType "team-tourn"]
[EventRounds "7"]
[EventCountry "ESP"]
[SourceTitle "EXT 2024"]
[Source "ChessBase"]
[SourceDate "2023.10.10"]
[SourceVersion "1"]
[SourceVersionDate "2023.10.10"]
[SourceQuality "1"]
[WhiteTeam "Aragon ONCE"]
[BlackTeam "La Aurora Estadilla"]
[WhiteTeamCountry "ESP"]
[BlackTeamCountry "ESP"]

1. d4 e6 2. Nf3 Nf6 3. Bg5 d5 4. e3 Be7 5. Nbd2 0-0 6. Bd3 c5 7. c3 Nbd7 8. 0-0 a6 9. Ne5 Nxe5 10. dxe5 Nd7 11. Bxe7 Qxe7 12. f4 f6 13. Qh5 f5 14. g4 g6 15. Qh6 b6 16. gxf5 exf5 17. Nf3 c4 18. Bc2 Nc5 19. Rf2 Ra7 20. Rd1 Be6 21. Ng5 Rd7 22. Rg2 Qg7 23. Qxg7+ Kxg7 24. b4 cxb3 25. axb3 Bg8 26. Rgd2 h6 27. Nf3 Ne4 28. Bxe4 fxe4 29. Nd4 Rc7 30. Rc1 Rfc8 31. Rdc2 Rc5 32. b4 Rc4 33. f5 Re8 34. Ra1 a5 35. bxa5 bxa5 36. f6+ Kf8 37. Rxa5 Rxe5 38. Ra7 Be6 39. Re7 Rg5+ 40. Kf2 Bh3 41. Ne6+ Bxe6 42. Rxe6 Kf7 43. Rd6 Rf5+ 44. Ke2 Rxf6 45. Rxd5 Ra6 46. Kd2 Ke6 47. Rd4 Rca4 48. Rb2 Kf5 49. Rxa4 Rxa4 50. Kc2 Kg4 51. Kb3 Ra6 52. Rf2 g5 53. c4 Rd6 54. c5 Rd3+ 55. Kc4 Rxe3 56. Kd4 Re1 57. Rc2 Kf3 58. c6 Rd1+ 59. Ke5 Rd8 60. c7 Rc8 61. Rc3+ e3 62. Kd4 Kf2 63. Kd3 e2 64. Rc2 Rxc7 65. Rxe2+ Kf3 66. Re6 Rd7+ 67. Kc2 h5 68. Re5 Kf4 69. Rb5 h4 70. Rb3 g4 71. h3 g3 72. Rb4+ Kf3 73. Rxh4 g2 74. Rg4 Kf2 75. Rf4+ Kg3 0-1

[Event "Aragon-chT Honor Gr-B"]
[Site "Aragon"]
[Date "2019.03.09"]
[Round "7.7"]
[White "Quintin Navarro, Alberto"]
[Black "Laliena Solanes, Luis M"]
[Result "1-0"]
[WhiteElo "2391"]
[BlackElo "2177"]
[PlyCount "115"]
[EventDate "2019.01.26"]
[EventType "team-tourn"]
[EventRounds "7"]
[EventCountry "ESP"]
[SourceTitle "EXT 2020"]
[Source "ChessBase"]
[SourceDate "2019.10.17"]
[SourceVersion "1"]
[SourceVersionDate "2019.10.17"]
[SourceQuality "1"]
[WhiteTeam "St Casablanca"]
[BlackTeam "Aragon ONCE"]
[WhiteTeamCountry "ESP"]
[BlackTeamCountry "ESP"]

1. e4 c5 2. Nf3 Nc6 3. d4 cxd4 4. Nxd4 e6 5. Nc3 Qc7 6. Be2 a6 7. 0-0 Nf6 8. Be3 Bb4 9. Nxc6 bxc6 10. f4 0-0 11. e5 Nd5 12. Nxd5 cxd5 13. Qd4 Rb8 14. f5 d6 15. exd6 Qxd6 16. f6 e5 17. Qh4 Bc5 18. Bxc5 Qxc5+ 19. Kh1 Qxc2 20. Qg5 Qg6 21. Qxe5 Rb6 22. Bh5 Qh6 23. Bxf7+ Kh8 24. Bxd5 Rbxf6 25. Rxf6 Qxf6 26. Qxf6 Rxf6 27. Rc1 Bd7 28. Kg1 h6 29. Rf1 Rd6 30. Rf8+ Kh7 31. Be4+ g6 32. Kf2 Kg7 33. Rd8 Kf6 34. Ke3 Ke7 35. Rg8 Kf7 36. Ra8 Kf6 37. Bd3 Bb5 38. Bxb5 axb5 39. Rb8 Rd5 40. Ke4 Rd2 41. Rb6+ Kf7 42. Rxb5 Rxg2 43. h4 Rg4+ 44. Ke5 Rxh4 45. Rb7+ Ke8 46. b4 Kd8 47. a4 Kc8 48. Rb6 Kc7 49. a5 Rg4 50. b5 h5 51. Rc6+ Kb8 52. Kd6 Rg5 53. Rb6+ Ka7 54. Kc6 Rf5 55. Rb7+ Ka8 56. Rd7 Rf1 57. Rd8+ Ka7 58. b6+ 1-0

[Event "Aragon-chT Honor Gr-B"]
[Site "Aragon"]
[Date "2019.02.23"]
[Round "5.7"]
[White "Guzman Moneo, Alberto"]
[Black "Laliena Solanes, Luis M"]
[Result "1-0"]
[WhiteElo "2170"]
[BlackElo "2177"]
[PlyCount "147"]
[EventDate "2019.01.26"]
[EventType "team-tourn"]
[EventRounds "7"]
[EventCountry "ESP"]
[SourceTitle "EXT 2020"]
[Source "ChessBase"]
[SourceDate "2019.10.17"]
[SourceVersion "1"]
[SourceVersionDate "2019.10.17"]
[SourceQuality "1"]
[WhiteTeam "Helios"]
[BlackTeam "Aragon ONCE"]
[WhiteTeamCountry "ESP"]
[BlackTeamCountry "ESP"]

1. c4 e5 2. Nc3 Nc6 3. Nf3 Bb4 4. d4 exd4 5. Nxd4 Nf6 6. e3 0-0 7. Be2 Ne4 8. Qc2 Re8 9. 0-0 Nxd4 10. exd4 Nxc3 11. bxc3 Bxc3 12. Qxc3 Rxe2 13. Be3 d5 14. cxd5 Qxd5 15. Qxc7 Bd7 16. Rfc1 Bc6 17. Qg3 Re8 18. Qf3 Qxf3 19. gxf3 h5 20. f4 h4 21. h3 Rd8 22. Rc5 Rd5 23. Rxd5 Bxd5 24. a4 g6 25. f5 gxf5 26. Rc1 Ra2 27. Bg5 Rxa4 28. Bxh4 Kg7 29. Bg3 Kg6 30. Bb8 a5 31. Rc5 Be4 32. Bc7 Ra1+ 33. Kh2 a4 34. d5 a3 35. Be5 Rh1+ 36. Kg3 a2 37. Ra5 f6 38. Bb2 Rb1 39. Rxa2 Bxd5 40. Ra5 Rxb2 41. Rxd5 Rb3+ 42. f3 Rb4 43. Rd7 f4+ 44. Kh4 Rb5 45. Kg4 Rb4 46. Rd5 b5 47. h4 Rb1 48. Kxf4 b4 49. h5+ Kg7 50. Rb5 b3 51. Kf5 b2 52. f4 Rh1 53. Rb7+ Kf8 54. Rxb2 Rxh5+ 55. Kxf6 Rh6+ 56. Kg5 Ra6 57. Rb8+ Kf7 58. Rb7+ Kf8 59. f5 Ra1 60. Kg6 Rg1+ 61. Kf6 Ke8 62. Rb8+ Kd7 63. Kf7 Rf1 64. f6 Rf2 65. Rb1 Kd8 66. Rd1+ Kc7 67. Ke7 Re2+ 68. Kf8 Rf2 69. f7 Kc6 70. Rd8 Kc7 71. Re8 Kd7 72. Kg7 Rg2+ 73. Kh6 Rh2+ 74. Kg5 1-0

[Event "Andorra op 36th"]
[Site "Escaldes"]
[Date "2018.07.25"]
[Round "5"]
[White "Laliena Solanes, Luis M"]
[Black "Ruperez Benito, Antonio"]
[Result "0-1"]
[WhiteElo "2174"]
[BlackElo "2329"]
[PlyCount "86"]
[EventDate "2018.07.21"]
[EventType "swiss"]
[EventRounds "9"]
[EventCountry "AND"]
[SourceTitle "CBM 185 Extra"]
[Source "ChessBase"]
[SourceDate "2018.07.29"]
[SourceVersion "1"]
[SourceVersionDate "2018.07.29"]
[SourceQuality "1"]

1. e4 e6 2. d4 d5 3. Nc3 Bb4 4. Nge2 dxe4 5. a3 Bxc3+ 6. Nxc3 Nc6 7. d5 exd5 8. Qxd5 Be6 9. Qxe4 Nf6 10. Qh4 Qd4 11. Qxd4 Nxd4 12. Bd3 0-0-0 13. Bf4 Bf5 14. Bxf5+ Nxf5 15. 0-0 Nh5 16. Bxc7 Kxc7 17. g4 Rd2 18. gxh5 Rxc2 19. Rac1 Rxc1 20. Rxc1 Rd8 21. Ne4+ Kb6 22. Rc5 Nh4 23. Rc1 Rd5 24. Ng3 f5 25. Rc4 Nf3+ 26. Kg2 Nd4 27. Kf1 f4 28. Ne2 Nxe2 29. Kxe2 Rxh5 30. Rxf4 Rxh2 31. Rb4+ Kc7 32. Rc4+ Kb8 33. Rf4 Rg2 34. Rf7 Rg6 35. b4 a6 36. a4 h5 37. f4 Rf6 38. Rxf6 gxf6 39. Kf3 Kc7 40. Ke4 Kd6 41. f5 h4 42. Kf4 Kd5 43. b5 a5 0-1

[Event "Aragon-chT Honor Gr I"]
[Site "Aragon"]
[Date "2018.03.03"]
[Round "6.2"]
[White "Laliena Solanes, Luis M"]
[Black "Ramiro Ovejero, Juan Luis"]
[Result "0-1"]
[WhiteElo "2140"]
[BlackElo "2384"]
[PlyCount "100"]
[EventDate "2018.01.27"]
[EventType "team-tourn"]
[EventRounds "7"]
[EventCountry "ESP"]
[SourceTitle "EXT 2019"]
[Source "ChessBase"]
[SourceDate "2018.10.10"]
[SourceVersion "1"]
[SourceVersionDate "2018.10.10"]
[SourceQuality "1"]
[WhiteTeam "Aragon ONCE"]
[BlackTeam "Jaime Casas"]
[WhiteTeamCountry "ESP"]
[BlackTeamCountry "ESP"]

1. d4 Nf6 2. Nf3 d6 3. g3 g6 4. Bg2 Bg7 5. 0-0 0-0 6. a4 Na6 7. Re1 c5 8. c3 d5 9. Na3 Bf5 10. Qb3 Qb6 11. Qxb6 axb6 12. Ne5 Nc7 13. Be3 Ne6 14. g4 Bxg4 15. Nxg4 Nxg4 16. Bxd5 cxd4 17. Bxe6 fxe6 18. Bxd4 Bxd4 19. cxd4 Rxa4 20. Nc2 Rc4 21. Ne3 Rxd4 22. Nxg4 Rxg4+ 23. Kf1 Rf5 24. Ra7 Rfg5 25. e3 Rg1+ 26. Ke2 Rxe1+ 27. Kxe1 Rb5 28. Ra2 Kf7 29. Ke2 Kf6 30. Kd3 Rh5 31. Ra7 Rxh2 32. Rxb7 Rxf2 33. Rxb6 h5 34. b4 h4 35. Rb8 Ke5 36. b5 h3 37. b6 Rb2 38. Kc3 h2 39. Rh8 Rxb6 40. Rxh2 Ke4 41. Rg2 e5 42. Rg3 Rd6 43. Kc2 Kf5 44. Rf3+ Kg4 45. Rf7 e6 46. Rf6 g5 47. Rg6 Kh4 48. Rh6+ Kg3 49. Rg6 g4 50. Rg5 e4 0-1

[Event "Aragon-chT Honor Gr I"]
[Site "Aragon"]
[Date "2018.02.10"]
[Round "3.22"]
[White "Laliena Solanes, Luis M"]
[Black "Villuendas Valero, Adrian"]
[Result "0-1"]
[WhiteElo "2140"]
[BlackElo "2291"]
[PlyCount "102"]
[EventDate "2018.01.27"]
[EventType "team-tourn"]
[EventRounds "7"]
[EventCountry "ESP"]
[SourceTitle "EXT 2019"]
[Source "ChessBase"]
[SourceDate "2018.10.10"]
[SourceVersion "1"]
[SourceVersionDate "2018.10.10"]
[SourceQuality "1"]
[WhiteTeam "Aragon ONCE"]
[BlackTeam "El Olivar"]
[WhiteTeamCountry "ESP"]
[BlackTeamCountry "ESP"]

1. e4 e5 2. Nf3 Nc6 3. Bc4 Bc5 4. c3 Nf6 5. d4 exd4 6. cxd4 Bb4+ 7. Nbd2 Nxe4 8. d5 Ne7 9. 0-0 Bxd2 10. Bxd2 Nxd2 11. Qxd2 d6 12. Rfe1 0-0 13. Qf4 Ng6 14. Qd4 Bd7 15. Re3 Qf6 16. Qxf6 gxf6 17. Nd4 Rfe8 18. Bb5 Bxb5 19. Nxb5 Rxe3 20. fxe3 a6 21. Nd4 Ne7 22. Rc1 Rc8 23. e4 f5 24. Nxf5 Nxf5 25. exf5 Kg7 26. Rc3 c5 27. dxc6 Rxc6 28. Rb3 b5 29. Kf2 Kf6 30. g4 Rc4 31. Rd3 Ke5 32. Kg3 d5 33. Re3+ Re4 34. Ra3 d4 35. Kf3 Rf4+ 36. Kg3 Rf1 37. Kg2 Rb1 38. Kf3 Rxb2 39. Rxa6 Rxh2 40. Ra7 Rh3+ 41. Ke2 f6 42. Rb7 Ke4 43. Rxb5 Rh2+ 44. Kd1 Rxa2 45. Rb6 Ke3 46. Rxf6 Ra1+ 47. Kc2 d3+ 48. Kb2 d2 49. Re6+ Kf4 50. Kxa1 d1Q+ 51. Kb2 Qxg4 0-1

[Event "Aragon-chT Honor Gr I"]
[Site "Aragon"]
[Date "2018.01.27"]
[Round "1.14"]
[White "Laliena Solanes, Luis M"]
[Black "Guzman Moneo, Alberto"]
[Result "1-0"]
[WhiteElo "2140"]
[BlackElo "2239"]
[PlyCount "71"]
[EventDate "2018.01.27"]
[EventType "team-tourn"]
[EventRounds "7"]
[EventCountry "ESP"]
[SourceTitle "EXT 2019"]
[Source "ChessBase"]
[SourceDate "2018.10.10"]
[SourceVersion "1"]
[SourceVersionDate "2018.10.10"]
[SourceQuality "1"]
[WhiteTeam "Aragon ONCE"]
[BlackTeam "Helios"]
[WhiteTeamCountry "ESP"]
[BlackTeamCountry "ESP"]

1. d4 g6 2. e4 Bg7 3. Nc3 a6 4. a4 d6 5. Bg5 Nc6 6. Nge2 h6 7. Bf4 e5 8. dxe5 Nxe5 9. Bxe5 Bxe5 10. f4 Bg7 11. Nd4 Ne7 12. Bc4 Nc6 13. Nxc6 bxc6 14. 0-0 0-0 15. Qf3 Be6 16. Bd3 Qf6 17. Qg3 Bd7 18. Kh1 a5 19. Rae1 Qe7 20. Nd1 Bf6 21. Re2 Rab8 22. b3 Rb4 23. Ne3 h5 24. h3 h4 25. Qe1 Bd4 26. Nc4 Bb6 27. f5 Qg5 28. Nxb6 cxb6 29. fxg6 fxg6 30. Bc4+ d5 31. Rxf8+ Kxf8 32. exd5 cxd5 33. Re5 Bf5 34. Re8+ Kg7 35. Qe5+ Qf6 36. Re7+ 1-0

[Event "Aragon-chT Honor GrA"]
[Site "Aragon"]
[Date "2017.01.28"]
[Round "1.11"]
[White "Laliena Solanes, Luis M"]
[Black "Roque Sola, Jose Luis"]
[Result "1-0"]
[WhiteElo "2179"]
[BlackElo "2177"]
[PlyCount "79"]
[EventDate "2017.01.28"]
[EventType "team-tourn"]
[EventRounds "7"]
[EventCountry "ESP"]
[SourceTitle "EXT 2018"]
[Source "ChessBase"]
[SourceDate "2017.10.13"]
[SourceVersion "1"]
[SourceVersionDate "2017.10.13"]
[SourceQuality "1"]
[WhiteTeam "Aragon ONCE"]
[BlackTeam "Agrupacion"]
[WhiteTeamCountry "ESP"]
[BlackTeamCountry "ESP"]

1. e4 e6 2. d3 c5 3. Nf3 Nc6 4. Qe2 Nf6 5. g3 Be7 6. Bg2 0-0 7. 0-0 d5 8. e5 Nd7 9. c4 dxc4 10. dxc4 Qc7 11. Bf4 b6 12. Nc3 a6 13. Ne4 Bb7 14. Nf6+ gxf6 15. exf6 Bd6 16. Bxd6 Qxd6 17. Rad1 Qc7 18. Qd2 Nxf6 19. Qg5+ Kh8 20. Qxf6+ Kg8 21. Ng5 Nd4 22. Rde1 Bxg2 23. Kxg2 Ra7 24. Re4 Qc6 25. f3 Nf5 26. Kh3 Qd7 27. g4 Nd4 28. Nxh7 Kxh7 29. Re5 Nf5 30. gxf5 Qd2 31. fxe6 Qh6+ 32. Qxh6+ Kxh6 33. e7 Re8 34. Rfe1 Kg6 35. Kg4 Kf6 36. h4 b5 37. Rxc5 bxc4 38. Rxc4 Rexe7 39. Rxe7 Kxe7 40. Rc6 1-0